000 00294nam a2200121Ia 4500
008 190216s9999||||xx |||||||||||||| ||und||
100 _aWells Hg
245 0 _aLokacharitra Samgraham
260 _bNational Book Stall
_c1986
300 _a608p
650 _aLokacharitra Samgraham
942 _cREF
999 _c35755
_d35755